| 000 | 00655nam a22001937a 4500 | ||
|---|---|---|---|
| 005 | 20170314170817.0 | ||
| 010 | _aENG-117486 | ||
| 020 |
_a8188962430 _c895.00 |
||
| 035 | _aEN-101018 | ||
| 037 | _bDBAD/PUB | ||
| 082 | _a883.092 | ||
| 100 | _aMohammad Shamim | ||
| 245 |
_aLuminaries of fictional theory : _cby Mohammad Shamim _bHenry James,E.M. Forster and Wayne C.Booth / |
||
| 260 |
_aBareilly _bNeel Kamal Prakashan _c2016 |
||
| 270 |
_a856,Katra Chand Khan,Devki Namdan Maurya Street, _bBareilly(U.P.) _e243005 |
||
| 300 |
_a134p. _b24cm(Hb) |
||
| 500 | _aIncluded bibliographical references | ||
| 942 |
_2ddc _cEN _h883.092 _mMOH |
||
| 999 |
_c138261 _d138261 |
||